000 00200 a2200109 4500
020 _a9780399153624
041 _aeng
100 _aPatricia Cornwell
245 _aAt Risk
942 _cBK
952 _71
999 _c22223
_d22223